Typographic design in the digital studio : Design concepts

Gorde:
Xehetasun bibliografikoak
Egile nagusia: Amdur, David A.
Formatua: Liburua
Hizkuntza:Undetermined
Argitaratua: Clifton Park, NY : Thomson/Delmar Learning 2007
Gaiak:
Etiketak: Etiketa erantsi
Etiketarik gabe, Izan zaitez lehena erregistro honi etiketa jartzen!
Thư viện lưu trữ: Trung tâm Học liệu Trường Đại học Cần Thơ
LEADER 00629nam a2200217Ia 4500
001 CTU_128436
008 210402s9999 xx 000 0 und d
020 |c 610000 
082 |a 686.22 
082 |b A481 
100 |a Amdur, David A. 
245 0 |a Typographic design in the digital studio : 
245 0 |b Design concepts 
245 0 |c David A. Amdur. 
260 |a Clifton Park, NY : 
260 |b Thomson/Delmar Learning 
260 |c 2007 
650 |a Graphic design ( Typography ),Type and type-founding 
650 |x Digital techniques. 
904 |i Minh 
980 |a Trung tâm Học liệu Trường Đại học Cần Thơ